000 00486nam a2200169Ia 4500
999 _c27372
_d27372
003 OSt
005 20201202092308.0
008 190216s9999||||xx |||||||||||||| ||und||
040 _coclc
082 _a894.8123
_bRAM/D
100 _aRamakrishnan, Malayatoor
_96469
245 0 _aDwandwa Yuddham /
_cMalayatoor Ramakrishnan
260 _bDc Books,
_a Kottayam:
_c1996.
300 _a346p
650 _aNovel
942 _cBK
_2ddc
_h894.8123
_iRAM/D
_k894.8123
_mRAM/D